| 000 -LEADER |
| fixed length control field |
00628nam a22001817a 4500 |
| 020 ## - INTERNATIONAL STANDARD BOOK NUMBER |
| ISBN |
9786210800531 |
| 082 ## - DEWEY DECIMAL CLASSIFICATION NUMBER |
| Classification number |
500 |
| Item number |
Un549 2024 |
| 100 ## - MAIN ENTRY--AUTHOR NAME |
| Personal name |
Unday, Joel E., author. |
| 245 ## - TITLE STATEMENT |
| Title |
Science, technology, and society / Joel E. Unday, Allen G. Paguligan, Consolacion L. Luciano. |
| 260 ## - PUBLICATION, DISTRIBUTION, ETC. (IMPRINT) |
| Place of publication |
Malabon City : |
| Name of publisher |
Mutya Publishing House, Inc., |
| Year of publication |
©2024. |
| 300 ## - PHYSICAL DESCRIPTION |
| Number of Pages |
346 pages : |
| Other physical details |
illustrations ; 26 cm. |
| 500 ## - GENERAL NOTE |
| General note |
Includes bibliographical references. |
| 650 ## - SUBJECT ADDED ENTRY--TOPICAL TERM |
| Topical Term |
Science -- Social aspects. |
| 650 ## - SUBJECT ADDED ENTRY--TOPICAL TERM |
| Topical Term |
Technology -- Social aspects. |
| 700 ## - ADDED ENTRY--PERSONAL NAME |
| Personal name |
Paguligan, Allen G. |
| 700 ## - ADDED ENTRY--PERSONAL NAME |
| Personal name |
Luciano, Consolacion L. |
| 942 ## - ADDED ENTRY ELEMENTS (KOHA) |
| Koha item type |
Books |